Score 0/20 Timer 04:00
0 Plays Today
Item Missing Word % Correct
______ in a yearMonths
98.8%
_____ in the word 'abbreviation'Letters
96.8%
_____ of the ZodiacSigns
94.5%
_____ of ChristmasDays
93.3%
_____ in a footInches
91.7%
Members on a _____Jury
91%
_____ of JesusDisciples
88.5%
_____ to a dodecagonSides
88.3%
_____ Post Meridiem in a day Hours
88.3%
______ of Alcoholics AnonymousSteps
87.8%
Item Missing Word % Correct
12 _____ (Title of a 1995 Bruce Willis Film)Monkeys
86%
Pairs of _____ in the human bodyRibs
85.9%
_____ of Olympus in Greek MythologyGods
83.3%
Troy _____ to a poundOunces
81.3%
_____ to a side in Canadian FootballPlayers
80.6%
_____ cards in a deck of playing cards Face
76.5%
Twelve _____ Cyns...and Then Some (Cyndi Lauper Album)Deadly
73.9%
_____ Men (In the title of a 1957 film)Angry
64%
_____ of IsraelTribes
61.3%
_____ of HerculesLabors
48.8%

Today's Daily Dose

Remove Ads.
Support Sporcle.
Get the best of Sporcle when you Go Orange. This ad-free experience offers more features, more stats, and more fun while also helping to support Sporcle. Thank you for becoming a member.

You're not logged in!

Compare scores with friends on all Sporcle quizzes.
OR
Log In

Show Comments

Extras

Top Quizzes Today


Score Distribution

Your Account Isn't Verified!

In order to create a playlist on Sporcle, you need to verify the email address you used during registration. Go to your Sporcle Settings to finish the process.

Report this User

Report this user for behavior that violates our Community Guidelines.

Details: